000 00559nam a2200121Ia 4500
008 220615s9999||||xx |||||||||||||| ||und||
100 _aJose Antonio Morales-Gonzalez||Eduardo Osiris Madrigal-Santillan||Angel Morales-Gonzalez
245 2 _aA Master Regulator of Oxidative Stress - The Transcription Factor Nrf2
546 _aEnglish[eng]
650 _aLife Sciences||Molecular Biology||Genetics and Molecular Biology||Biochemistry
856 _uhttps://www.intechopen.com/books/a-master-regulator-of-oxidative-stress-the-transcription-factor-nrf2
942 _cEB
999 _c8635
_d8635